000 00409nam a2200181Ia 4500
008 210210b1957 xxu||||| |||| 00| 0 eng d
041 _aeng
082 _a825/621
100 _aOCONOR (F)
245 _aMirror in the broadway
260 _aLondon
_bHamish Hamilton
_c1957
650 _athe
650 _aMirror
650 _ain
650 _abroadway
690 _aEnglish Criticism
906 _a014937
999 _c134167
_d134167